New York Counties by First Two Letters in 30 Seconds - Statistics

General Stats
  • This quiz has been taken 34 times
  • The average score is 20 of 62
Answers on the Map
Answers color-coded by a green-red scale on the quiz's map according to % correct below.
 
Answer Stats
County % Correct
Madison
75%
Bronx
70%
Broome
70%
Albany
65%
Allegany
65%
New York
65%
Queens
65%
St. Lawrence
65%
Nassau
60%
Erie
50%
Kings
50%
Richmond
50%
Westchester
50%
Dutchess
45%
Oneida
45%
Onondaga
45%
Ontario
45%
Steuben
45%
Niagara
40%
Warren
40%
Washington
40%
Wayne
40%
Hamilton
35%
Saratoga
35%
Suffolk
35%
Sullivan
35%
Cattaraugus
30%
Cayuga
30%
Columbia
30%
Cortland
30%
Putnam
30%
Rockland
30%
Chautauqua
25%
Chemung
25%
Chenango
25%
Jefferson
25%
Schenectady
25%
Schoharie
25%
Schuyler
25%
Genesee
20%
Livingston
20%
Monroe
20%
Montgomery
20%
Rensselaer
20%
Seneca
20%
Clinton
15%
Delaware
15%
Essex
15%
Greene
15%
Herkimer
15%
Tompkins
15%
Yates
15%
Franklin
10%
Orange
10%
Orleans
10%
Oswego
10%
Otsego
10%
Tioga
10%
Ulster
10%
Wyoming
10%
Fulton
5%
Lewis
5%
No matching quizzes found
Score Distribution
Percent of People with Each Score
Percentile by Number Answered
Your Score History
You have not taken this quiz